000 00322nam a2200133Ia 4500
005 20251222144909.0
008 251222s9999||||xx |||||||||||||| ||spa||
020 _a978-88-7573-378-0
082 _a455.03/C548G/T.1
100 _aChiappini, Loredana
245 0 _aUn Giorno in Italia:
264 _bBonacci
942 _cLIB
999 _c22288
_d22288